Les Pépites du Football - Statistiques

Statistiques générales
  • Ce quiz a été pris 424 fois
  • Le résultat moyen est 16 sur 20
Statistiques - réponses
Par images Réponse % Correct
Lamine Yamal
99%
Jude Bellingham
98%
Warren Zaïre-Emery
97%
Xavi Simons
97%
Gavi
94%
Florian Wirtz
93%
Endrick
91%
Arda Güler
90%
Mathys Tel
90%
Alejandro Garnacho
87%
Leny Yoro
83%
Alejandro Balde
80%
Lucas Beraldo
80%
Pau Cubarsi
76%
Joao Neves
68%
Kobbie Mainoo
64%
Vitor Roque
55%
Oscar Bobb
47%
Antonio Silva
35%
Roméo Lavia
35%
Aucun quiz correspondant
Distribution des résultats
% des personnes avec chaque résultat
Percentile par nombre de réponses
Votre historique - résultats
Vous n’avez pas pris ce quiz